| 000 | 006170000a22001810004500 | ||
|---|---|---|---|
| 003 | MACL | ||
| 005 | 20160608153822.0 | ||
| 008 | 160608b xxu||||| |||| 00| 0 eng d | ||
| 040 |
_aMACL _cMACL |
||
| 041 | _aHindi | ||
| 082 | _a934 | ||
| 100 |
_aभारदाज, कमलेश _963163 |
||
| 245 |
_aप्राचीन भारत में समाज एवं राज्य _cकमलेश भारदाज |
||
| 260 |
_bपोइन्टर पब्लिशर्स _c1999 _aजयपुर |
||
| 350 | _a400 | ||
| 650 |
_aAncient History Of India _916402 |
||
| 942 |
_cHIN _k934 _2ddc |
||
| 999 |
_c18251 _d18251 |
||